[Event "ESP-ch Rapid 2018"]
[Site "Linares"]
[Date "2018.08.19"]
[Round "2"]
[White "Salvador Lopez, Daniel"]
[Black "Llobell Cortell, Enrique"]
[Result "0-1"]
[WhiteElo "2162"]
[BlackElo "2411"]
[Annotator "TA"]
[PlyCount "74"]
[EventDate "2018.08.19"]
[EventType "team-tourn"]
[EventCountry "ESP"]
[SourceTitle "playchess.com"]
[Source "ChessBase"]
[SourceQuality "1"]

{[%evp 13,74,9,23,6,43,8,10,8,37,39,35,25,43,39,37,24,47,22,28,23,22,22,25,12,32,0,23,14,20,0,0,0,0,-18,0,-266,-75,-186,-168,-181,-167,-158,-165,-220,-229,-279,-289,-310,-164,-212,-133,-203,-147,-176,-178,-375,-376,-409,-290,-275,-264,-1288,-1288]} 1. d4 Nf6 2. Bg5 d5 3. Nd2 c5 4. e3 (4. dxc5 e6 5. b4 a5 6. a3 b6 7. c4 bxc5 8. b5 Be7 9. Ngf3 O-O 10. e3 Nbd7 11. Be2 Bb7 {0-1 (85) Andreikin,D (2712)-Vachier Lagrave,M (2793) chess.com INT 2018}) 4... Nc6 5. c3 cxd4 6. exd4 {D00: 1 d4 d5: Unusual lines} Bf5 7. Ngf3 e6 {LiveBook: 6 Games} 8. Qb3 $146 {White has an edge.} ({Predecessor:} 8. Be2 h6 9. Bf4 Bd6 10. Bxd6 Qxd6 11. O-O O-O {0-1 (45) Bosiocic,M (2624)-Nguyen,N (2630) Riadh 2017}) 8... Qc8 9. Be2 Be7 10. Nh4 Bg6 11. Nxg6 hxg6 12. h3 a6 13. O-O O-O 14. Bf4 Qd7 15. Bd3 (15. Nf3 {seems wilder.} b5 16. a3 Bd6 17. Bg5 Rfe8 18. Rfe1) 15... Bd6 16. Bxd6 Qxd6 17. Nf3 b5 18. Rfe1 Nd7 19. Qc2 Rfc8 20. Qd2 b4 21. Ng5 bxc3 22. bxc3 Nf8 23. Qe2 Ne7 24. Qf3 $2 {[%mdl 8192] [#]} (24. Rec1 $11) 24... Nf5 $2 (24... f6 $19 25. c4 fxg5) 25. Nxf7 (25. Bxf5 $17 gxf5 26. Qe3 (26. Qh5 Ra7 $17)) 25... Kxf7 $19 26. g4 Rxc3 27. gxf5 gxf5 ({Don't play} 27... exf5 28. Re5 $17) 28. Rac1 (28. Rab1 $142) 28... Rac8 29. Rxc3 Rxc3 30. Rb1 Rc7 (30... Ng6 $142 31. Qe3 Qc7) 31. Qh5+ Kg8 32. Qe8 (32. Qg5 $17 {was worth a try.}) 32... Qa3 33. Rb8 {[#] Strongly threatening Qxe6+.} Rf7 ({Weaker is} 33... Qxd3 34. Qxf8+ Kh7 35. Qg8+ Kh6 36. Qxe6+ g6 37. Rb6 $11 (37. Qxd5 Qxh3 38. Rh8+ Rh7 $11)) 34. Bb1 $2 (34. Be2) 34... Rf6 35. Qh5 Qc1+ 36. Kg2 Qf4 37. Bc2 $2 (37. Rc8) 37... Qxb8 {Precision: White = 20%, Black = 48%.} 0-1

[Event "ESP-ch Rapid 2018"]
[Site "Linares"]
[Date "2018.08.19"]
[Round "2"]
[White "Cuevas Fernandez, Jose Alberto"]
[Black "Fernandez Garcia, Jose Miguel"]
[Result "0-1"]
[WhiteElo "2147"]
[BlackElo "2404"]
[Annotator "ChessBase"]
[PlyCount "71"]
[EventDate "2018.08.19"]
[EventType "team-tourn"]
[EventCountry "ESP"]
[SourceTitle "playchess.com"]
[Source "ChessBase"]
[SourceQuality "1"]
[TimeControl "900+5"]

1. d4 {[%emt 0:00:00]} d5 {[%emt 0:01:29]} 2. c4 {[%emt 0:00:00]} e5 {[%emt 0:00:01]} 3. dxe5 {[%emt 0:00:02]} d4 {[%emt 0:00:01]} 4. Nf3 {[%emt 0:00:02]} Nc6 {[%emt 0:00:01]} 5. a3 {[%emt 0:00:01]} Nge7 {[%emt 0:00:01]} 6. b4 {[%emt 0:01:16]} Ng6 {[%emt 0:00:01]} 7. Bb2 {[%emt 0:00:01]} a5 {[%emt 0:00:01]} 8. b5 {[%emt 0:00:06]} Ncxe5 {[%emt 0:00:01]} 9. Nxe5 {[%emt 0:00:03]} Nxe5 {[%emt 0:00:01]} 10. e3 {[%emt 0:00:09]} Be6 {[%emt 0:00:01]} 11. Qc1 {[%emt 0:01:45]} Bc5 {[%emt 0:00:56]} 12. Be2 {[%emt 0:01:51]} Qg5 {[%emt 0:03:26]} 13. O-O {[%emt 0:00:38]} Bh3 {[%emt 0:00:30]} 14. g3 {[%emt 0:01:20]} d3 {[%emt 0:02:10]} 15. Bd1 {[%emt 0:03:07]} Qf5 {[%emt 0:01:32]} 16. Qc3 {[%emt 0:04:53]} Nf3+ {[%emt 0:02:03]} 17. Bxf3 {[%emt 0:00:02]} Qxf3 {[%emt 0:00:01]} 18. Qe5+ {[%emt 0:00:01]} Be7 {[%emt 0:00:01]} 19. Qd5 {[%emt 0:00:03]} Qe2 {[%emt 0:00:01]} 20. Nd2 {[%emt 0:01:07]} Qxd2 {[%emt 0:00:50]} 21. Bxg7 {[%emt 0:00:11]} Rg8 {[%emt 0:00:02]} 22. Qxb7 {[%emt 0:00:04]} Rd8 {[%emt 0:01:11]} 23. Rfd1 {[%emt 0:00:01]} Qe2 {[%emt 0:00:24]} 24. Be5 {[%emt 0:00:09]} Rd7 {[%emt 0:01:34]} 25. Qa8+ {[%emt 0:00:07]} Bd8 {[%emt 0:00:02]} 26. Qe4 {[%emt 0:00:01]} Re7 {[%emt 0:00:04]} 27. Qc6+ {[%emt 0:00:01]} Kf8 {[%emt 0:00:03]} 28. Qh6+ {[%emt 0:00:02]} Ke8 {[%emt 0:00:04]} 29. Qc6+ {[%emt 0:00:01]} Rd7 {[%emt 0:00:10]} 30. Qe4 {[%emt 0:00:02]} f5 {[%emt 0:00:18]} 31. Qc6 {[%emt 0:00:12]} Rg6 {[%emt 0:00:06]} 32. Qh1 {[%emt 0:00:13]} d2 {[%emt 0:00:12]} 33. Bd4 {[%emt 0:00:05]} Bg4 {[%emt 0:00:05]} 34. Qg2 {[%emt 0:00:08]} Qxd1+ {[%emt 0:00:13]} 35. Rxd1 {[%emt 0:00:04]} Bxd1 {[%emt 0:00:01]} 36. f4 0-1

[Event "ESP-ch Rapid 2018"]
[Site "Linares"]
[Date "2018.08.19"]
[Round "2"]
[White "Fernandez Torre, Ivan"]
[Black "Cruz Lledo, Pablo"]
[Result "0-1"]
[WhiteElo "2128"]
[BlackElo "2432"]
[Annotator "TA"]
[PlyCount "68"]
[EventDate "2018.08.19"]
[EventType "team-tourn"]
[EventCountry "ESP"]
[SourceTitle "playchess.com"]
[Source "ChessBase"]
[SourceQuality "1"]

{[%evp 15,68,11,22,-40,-15,-25,-15,-15,-1,-14,-7,-27,-28,-117,-52,-48,-43,-44,-24,-34,-26,-32,-41,-43,-33,-179,-70,-86,-71,-75,-86,-83,-93,-101,-96,-280,-285,-296,-300,-302,-297,-294,-300,-279,-287,-5589,-5585,-5009,-2984,-29975,-29976,-29974,-29975,-29970,-29953]} 1. d4 d5 2. c4 c6 3. Nc3 Nf6 4. e3 g6 5. Nf3 Bg7 6. h3 O-O 7. Bd3 b6 {D94: Grünfeld: 4 Nf3 Bg7 5 e3} (7... dxc4 8. Bxc4 b5 9. Bd3 a5 10. O-O b4 11. Na4 Ba6 12. b3 Bb5 13. Bb2 Nbd7 14. Rc1 Rc8 15. Nc5 Qb6 16. a4 Bxd3 17. Qxd3 Nxc5 18. Rxc5 {1-0 (45) Karjakin,S (2763)-Artemiev,V (2697) Moscow 2018}) 8. O-O Bb7 {LiveBook: 24 Games} 9. Ne5 $146 (9. Qe2 $11) ({Predecessor:} 9. Qe2 e6 10. b3 Nbd7 11. Bb2 Re8 12. Rfd1 Qc7 13. Rac1 Rad8 14. b4 Qb8 15. a4 dxc4 16. Bxc4 {1-0 (103) Bocharov,D (2611)-Kamsky,G (2637) Sochi 2016}) 9... Nbd7 {Black is slightly better.} 10. f4 c5 11. cxd5 cxd4 12. exd4 Nxd5 13. Nxd5 Bxd5 14. Bd2 (14. b3 $11 {remains equal.}) 14... Nf6 (14... Nxe5 $1 $17 15. fxe5 Bc4 $1 {[%mdl 512]}) 15. Bc3 Ne4 16. Qe1 f5 17. Bb4 a5 18. Ba3 Qc7 19. Rc1 Qb7 20. Bc4 (20. Kh2 $15) 20... Rfc8 ({Black should play} 20... Bxc4 $19 21. Nxc4 Rfd8) 21. b3 $15 b5 22. Bxd5+ Qxd5 23. Bb2 a4 24. Qb4 axb3 25. axb3 $2 {[#]} (25. Qxb3 $17 {was necessary.} Qxb3 26. Rxc8+ Rxc8 27. axb3) 25... Bf8 $1 $19 26. Rxc8 Rxc8 27. Rc1 Rxc1+ 28. Bxc1 e6 29. Qe1 Qxb3 30. Qa5 $2 (30. Qe2) 30... Qd1+ 31. Kh2 Qxc1 32. Qa7 Qxf4+ {Black mates.} 33. Kg1 {[#]} Qxe5 $1 {[%mdl 512]} 34. dxe5 Bc5+ {Precision: White = 33%, Black = 69%.} 0-1

[Event "ESP-ch Rapid 2018"]
[Site "Linares"]
[Date "2018.08.19"]
[Round "2"]
[White "Cuesta Bustos, Raul"]
[Black "Meler Tevar, Sergio"]
[Result "1-0"]
[WhiteElo "2126"]
[BlackElo "1807"]
[Annotator "TA"]
[PlyCount "89"]
[EventDate "2018.08.19"]
[EventType "team-tourn"]
[EventCountry "ESP"]
[SourceTitle "playchess.com"]
[Source "ChessBase"]
[SourceQuality "1"]

{[%evp 9,89,50,58,35,39,25,41,34,39,41,69,34,45,39,96,-4,-4,-29,-35,-65,-56,-83,-75,-89,-71,-80,-35,-114,-26,-32,-41,-43,-10,-18,-16,-97,-11,-8,0,-9,0,0,0,0,0,0,0,0,0,0,0,0,0,0,37,-50,77,3,68,-16,99,106,106,100,100,100,100,100,114,110,162,151,347,345,254,283,352,312,29981,29982,29982,29983]} 1. e4 Nc6 2. d4 d6 3. d5 Nb8 4. Nf3 (4. c4 Nf6 5. Nc3 g6 6. h3 Bg7 7. Nf3 O-O 8. Bd3 e5 9. dxe6 Bxe6 10. O-O Nc6 11. Re1 Re8 12. Bf4 Nd7 13. Bf1 Nde5 14. Nd5 Nxf3+ 15. Qxf3 Ne5 {1-0 (40) Perez Ponsa,F (2553)-Shabalov,A (2544) chess.com INT 2018}) 4... e5 5. dxe6 Bxe6 6. Be2 $146 {B00: Damenfianchetto, Nimzowitsch-Verteidigung} ({Vorgänger:} 6. Nc3 g6 7. Bg5 f6 8. Be3 Bg7 9. h4 h5 10. Nd4 Bf7 11. Qd2 {1-0 (45) Johansson,L (2314)-Syla,B (2171) Malmo 2013}) 6... Be7 7. O-O Nf6 8. Nc3 {Weiß steht etwas besser.} O-O 9. Nd4 Nbd7 10. Nxe6 fxe6 11. Bc4 Nc5 (11... d5 $1 $14 12. exd5 Nb6) 12. f3 ({Lieber} 12. Be3 $16) 12... c6 $11 13. a4 d5 14. exd5 exd5 15. Bd3 Qc7 16. Ne2 Bd6 17. g3 Rae8 18. Bf4 ({Günstiger ist} 18. Bf5 $15) 18... Re7 (18... Bxf4 $17 19. Nxf4 Qb6) 19. Bxd6 Qxd6 20. Nd4 {[#] Droht stark Sf5.} Nxd3 21. Qxd3 Rfe8 22. Kh1 (22. Qc3 $11 Qc7 23. b4) 22... Qc5 (22... Qb4 $17 23. Qc3 Qxc3 24. bxc3 c5) 23. c3 Re3 24. Qd2 Qf8 25. Rae1 Rxe1 26. Rxe1 Rxe1+ 27. Qxe1 Qe8 28. Qe6+ Qxe6 29. Nxe6 {[%mdl 4096] Endspiel KS-KS} b6 30. Kg2 c5 31. a5 Nd7 32. Nc7 (32. axb6 $14 axb6 33. Nc7) 32... d4 (32... bxa5 $15 33. Nxd5 Ne5) 33. cxd4 (33. axb6 $16 axb6 34. cxd4) 33... cxd4 (33... bxa5 $11 34. f4 cxd4) 34. Kf2 (34. axb6 $14 axb6 35. Nb5) 34... Nc5 (34... bxa5 $11 {bleibt in der Remisbreite.} 35. Nb5 Ne5) 35. axb6 $16 axb6 36. Ke2 Kf7 37. b4 Ne6 38. Nd5 b5 39. Kd3 Ke8 (39... h6 $16 {ist eine bessere Verteidigung.} 40. f4 g6) 40. f4 $18 {[%cal Bf3f4,Bf4g5][%mdl 32]} g6 $2 (40... Kd7 $16 {ist wohl besser.} 41. f5 Ng5) 41. Nf6+ Ke7 42. Nxh7 Kd6 43. Ng5 {[#] Und Sxe6 würde nun gewinnen.} Nxg5 $2 (43... Nd8 $18 44. Kxd4 Nc6+ 45. Kc3 Kd5) 44. fxg5 Ke5 45. h4 {Precision: Weiß = 38%, Schwarz = 27%.} 1-0

[Event "ESP-ch Rapid 2018"]
[Site "Linares"]
[Date "2018.08.19"]
[Round "2"]
[White "Cabrera Ruiz, Luis"]
[Black "Camacho Collados, Marcos"]
[Result "0-1"]
[WhiteElo "2122"]
[BlackElo "2393"]
[Annotator "TA"]
[PlyCount "88"]
[EventDate "2018.08.19"]
[EventType "team-tourn"]
[EventCountry "ESP"]
[SourceTitle "playchess.com"]
[Source "ChessBase"]
[SourceQuality "1"]

{[%evp 15,88,-2,27,21,23,28,14,17,18,9,7,-7,18,-25,-14,-24,-17,-32,-42,-70,-47,-43,-56,-42,-53,-62,-5,-27,-21,-17,-2,-46,-2,-14,0,-162,-167,-258,-242,-396,-208,-328,-203,-277,-262,-251,-198,-475,-467,-416,-310,-321,-321,-269,-290,-276,-218,-226,-212,-217,-221,-256,-145,-137,-129,-298,-280,-311,-298,-5393,-5389,-29985,-2860,-2431,-2058]} 1. e4 e5 2. Nf3 Nc6 3. Bb5 Nge7 4. d4 exd4 5. Nxd4 Ng6 6. O-O Bc5 7. Nb3 {C60: Spanische Partie} Bb6 8. Nc3 a6 {LiveBook: 4 Partien} 9. Be2 {Weiß hat minimalen Vorteil.} (9. Bxc6 bxc6 10. Na4 Ba7 11. c4 O-O 12. c5 d5 13. exd5 cxd5 14. Qd4 Re8 {0-1 (41) Kilpatrick,C (2352)-Howell,D (2693) London 2015}) 9... O-O 10. Nd5 $146 ({Vorgänger:} 10. Kh1 d6 11. f4 f5 12. exf5 Bxf5 13. Nd5 Ba7 14. Be3 Bxe3 15. Nxe3 {0-1 (38) Martinovic,S (2475)-Klaric,Z (2465) Sarajevo 1981}) 10... Ba7 11. Be3 Bxe3 12. Nxe3 Re8 13. f3 d6 14. Nd4 Nf4 {...Sxd4 ist eine echte Drohung.} 15. Nxc6 bxc6 16. g3 Qg5 {Weiss muss nun ...Sh3+ beachten.} 17. Kh1 Nxe2 18. Qxe2 d5 19. f4 Qe7 $36 {[%mdl 2048] Weiss steht unter Druck.} 20. e5 d4 (20... f6 $15) 21. Ng2 c5 {[%cal Bc6c5,Bc5c4,Bc4d3][%mdl 32]} 22. Rae1 Bb7 23. Kg1 Rad8 24. Qg4 c4 25. Nh4 $2 {[#]} (25. f5 $11 {und Weiss ist OK.}) 25... d3 $1 $19 26. cxd3 (26. Rf2 $142) 26... cxd3 27. Nf5 $2 (27. Rf2 {war nötig.}) 27... Qf8 (27... Qc5+ $142 28. Rf2 g6 29. Nh6+ Kf8) 28. Rd1 (28. Rc1 $142 Bc8 29. Rxc7) 28... Kh8 29. Rd2 Qc5+ 30. Rff2 {[%csl Gf5][%cal Rg4g7]} Rg8 31. Qd1 $2 (31. Nh4) 31... Qc6 {[%csl Gb7][%cal Rc6h1]} 32. Rg2 Qe6 33. Ne3 Qb6 ({Nicht} 33... Qxa2 34. Rgf2 $17) ({Viel schwächer ist} 33... Bxg2 34. Kxg2 g5 35. Qf3 $19) 34. Qe1 Bxg2 35. Kxg2 c5 36. b3 Qc6+ 37. Kg1 Qe4 38. Qf2 a5 ({Günstiger ist} 38... Rd4 $19 39. h4 Rgd8) 39. Nc4 $17 {[#]} a4 $1 40. Qxc5 $2 (40. Nd6 $17 Rxd6 41. exd6) (40. bxa4 Qxc4) 40... axb3 $19 41. axb3 Ra8 {Droht ...Ta1+ und aus.} 42. Ne3 $2 (42. Kf2 Qh1 43. Nd6) 42... Rgc8 43. Qb6 Rab8 (43... Ra1+ $142 44. Rd1 Rxd1+ 45. Nxd1 Qe1+ 46. Kg2 Qxd1 47. Qf2 Rc2 48. Qxc2 dxc2 49. Kh3 Qh5+ 50. Kg2 c1=Q 51. h4 Qe2+ 52. Kh3 Qh1#) 44. Qa7 Rb7 {Precision: Weiß = 29%, Schwarz = 60%.} 0-1

[Event "ESP-ch Rapid 2018"]
[Site "Linares"]
[Date "2018.08.19"]
[Round "2"]
[White "Sanz Losada, Victoriano"]
[Black "Martin Rueda, Daniel"]
[Result "0-1"]
[WhiteElo "2121"]
[BlackElo "2267"]
[Annotator "TA"]
[PlyCount "48"]
[EventDate "2018.08.19"]
[EventType "team-tourn"]
[EventCountry "ESP"]
[SourceTitle "playchess.com"]
[Source "ChessBase"]
[SourceQuality "1"]

{[%evp 13,48,3,8,0,0,-21,2,-14,10,0,0,0,0,-16,-3,-13,10,6,22,16,19,18,29,7,10,-8,-13,-181,-191,-336,-308,-682,-663,-818,-717,-29997,-29998]} 1. d4 d5 2. c4 c6 3. Nf3 Nf6 4. Nbd2 a6 5. e3 Bf5 6. Be2 {D11: Damengambit (Slawische Verteidigung)} h6 7. O-O e6 {LiveBook: 23 Partien} 8. Nh4 $146 {Die Stellung ist ausgeglichen.} ({Vorgänger:} 8. Qb3 Qc7 9. Bd3 Bxd3 10. Qxd3 Nbd7 11. e4 dxe4 12. Nxe4 Be7 13. b3 O-O {1-0 (38) Hertneck,G (2531)-Buhmann,R (2617) Austria 2012}) 8... Bh7 9. f4 Ne4 10. Nhf3 Bd6 11. Ne5 O-O 12. Nxe4 Bxe4 13. Bd3 Bxd3 14. Qxd3 f5 15. Bd2 Bxe5 16. fxe5 Rf7 17. Rac1 Nd7 {[%cal Bb8d7,Bd7f8,Bf8h7,Bh7g5,Bg5h3][%mdl 32]} 18. Rf2 Nf8 19. Bb4 Nh7 20. g4 $2 (20. cxd5 $11 cxd5 21. Ba3) 20... Ng5 $19 {[#] Droht ...Sh3+ und aus.} 21. Rg2 (21. Qf1 $142) 21... fxg4 {zielt auf ...Sh3+ ab.} 22. Be1 $2 (22. Kh1) 22... dxc4 23. Qxc4 Qd5 24. Qxd5 Nh3+ {Precision: Weiß = 10%, Schwarz = 63%.} ({Weniger gut wäre} 24... cxd5 25. Rxg4 Rff8 26. Ba5 $15) 0-1

[Event "ESP-ch Rapid 2018"]
[Site "Linares"]
[Date "2018.08.19"]
[Round "2"]
[White "Lopez Gonzalez, Alfonso"]
[Black "Sande Edreira, Jose Antonio"]
[Result "1-0"]
[WhiteElo "2063"]
[BlackElo "2230"]
[Annotator "TA"]
[PlyCount "97"]
[EventDate "2018.08.19"]
[EventType "team-tourn"]
[EventCountry "ESP"]
[SourceTitle "playchess.com"]
[Source "ChessBase"]
[SourceQuality "1"]

{[%evp 18,97,51,0,6,8,0,-14,0,0,2,-29,0,0,39,32,72,58,89,42,72,66,94,59,66,29,101,87,345,341,502,490,502,464,479,487,465,387,441,421,423,427,426,420,441,435,441,441,424,409,505,491,500,497,488,487,744,570,736,733,773,784,709,612,784,736,804,770,1218,1208,5210,1629,982,1210,1207,1193,1139,1129,1197,1122,29982,29983]} 1. d4 Nf6 2. c4 g6 3. Nc3 Bg7 4. e4 d6 5. h3 O-O 6. Bd3 e5 7. d5 Na6 {E71: King's Indian: 4 e4 d6 5 h3} 8. Nge2 Nc5 9. Bc2 a5 10. g4 {LiveBook: 3 Games} c6 11. Ng3 cxd5 12. cxd5 Bd7 13. a4 Qb6 14. O-O $146 ({Predecessor:} 14. Ra3 Qa6 15. Bg5 Qc4 16. Qf3 b5 17. axb5 Ne8 18. Be7 Qb4 19. O-O Qxb2 20. Ra2 {1-0 (20) Kummer,H (2354)-Schmid,T (2193) Austria 2015}) 14... Rfc8 15. Kg2 Be8 16. h4 Qb4 17. f3 Qc4 18. h5 Na6 19. Bd3 Qb4 20. hxg6 hxg6 21. Rf2 Nd7 {[#]} (21... Qd4 $11 {remains equal.}) 22. Nb5 $1 $16 Nb6 $2 {[%mdl 8192]} (22... Nc7 $16) 23. Bd2 $18 Qc5 (23... Nc4 $142 24. Bxc4 (24. Bxb4 Ne3+ 25. Kg1 Nxd1 $11) 24... Qxc4 25. Nxd6 Qd4 26. Nxc8 Rxc8 27. Bxa5 Qxd1 28. Rxd1 Bxa4) 24. Rc1 Nc4 25. Rxc4 Qb6 26. Rxc8 Rxc8 27. Be1 Nc5 28. Rc2 Bh6 29. Bf2 Kg7 30. Bxc5 dxc5 31. Bc4 Bxb5 32. Bxb5 Qd6 33. Re2 {[%cal Bc2e2,Be2e1,Be1h1][%mdl 32]} b6 34. b3 Rh8 35. Re1 Bg5 36. Rh1 Bh4 (36... Rxh1 $142 37. Nxh1 Be7) 37. Rh3 Qf6 38. d6 {[%cal Bd5d6,Bd6d7][%mdl 32]} Rd8 39. d7 Bg5 40. Qd3 Qe6 41. Rh1 c4 42. bxc4 Be7 43. Qd2 {[#] White threatens Qh6+ and mate.} Bf6 44. Ne2 Qe7 45. Nc3 Bg5 46. Nd5 Bxd2 47. Nxe7 Bg5 48. Nd5 Be3 49. Nxe3 {Precision: White = 70%, Black = 23%.} 1-0

[Event "ESP-ch Rapid 2018"]
[Site "Linares"]
[Date "2018.08.19"]
[Round "2"]
[White "Ordonez Torres, Jesus"]
[Black "Blanco Acevedo, Cristobal Jose"]
[Result "0-1"]
[WhiteElo "1989"]
[BlackElo "2336"]
[Annotator "TA"]
[PlyCount "110"]
[EventDate "2018.08.19"]
[EventType "team-tourn"]
[EventCountry "ESP"]
[SourceTitle "playchess.com"]
[Source "ChessBase"]
[SourceQuality "1"]

{[%evp 12,110,34,28,41,24,52,40,39,16,46,38,42,-16,-9,-22,-18,-54,3,-53,-33,-93,-45,-49,-17,-66,-35,-68,-43,-71,-74,-79,-51,-51,-58,-67,-71,-90,-87,-163,-75,-93,-83,-85,30,35,24,19,24,30,25,18,22,20,44,20,14,23,14,12,14,8,0,0,0,-26,17,5,22,15,16,24,8,0,47,0,22,19,50,46,47,51,70,71,87,93,131,0,0,0,0,-373,-301,-437,-395,-658,-641,-755,-638,-649,-618]} 1. e4 d6 2. d4 g6 3. Nc3 Bg7 4. Nf3 Nc6 5. h3 a6 6. a4 {B06: Moderne Verteidigung} Nf6 7. Be3 {LiveBook: 32 Partien} e6 $146 ({Vorgänger:} 7... O-O 8. Be2 e5 9. dxe5 Nxe5 10. Nxe5 dxe5 11. Bc5 Re8 12. Qxd8 Rxd8 13. Bc4 Bf8 14. Bxf8 Kxf8 15. f3 a5 16. Rd1 Rxd1+ 17. Nxd1 {0-1 (38) Aleksandrov,A (2577)-Nepomniachtchi,I (2719) Almaty 2016}) 8. Be2 {Weiß steht etwas besser.} Ne7 9. O-O O-O 10. Nd2 e5 11. dxe5 dxe5 12. Nc4 ({Lieber} 12. Nb3 $14) 12... Nc6 $1 $11 13. Bc5 Re8 14. Ne3 b6 (14... Nd4 $15) 15. Ba3 (15. Qxd8 $11 Rxd8 16. Ba3) 15... Nd4 $15 16. Bd3 (16. Re1 $15) 16... Bb7 17. Re1 Qd7 18. a5 Rad8 19. axb6 cxb6 20. Nc4 Qc7 21. Ne3 b5 22. Bb4 Qc8 23. Ba5 Rd7 24. Ng4 Nh5 25. Ne2 (25. Ne3 $17) 25... Ne6 (25... Nxe2+ $19 {bietet bessere Gewinnchancen.} 26. Qxe2 f5 $1 {[%mdl 512]}) 26. Qc1 $17 Nc5 27. Qe3 {[#]} Bf8 (27... f5 $1 $17 {[%mdl 512]} 28. exf5 Qc6) 28. Ng3 $1 $11 {[%cal Rg3h5] Droht Sxh5 und aus.} Qc6 29. Nxh5 gxh5 30. Qg5+ Bg7 31. Qxh5 Nxd3 32. cxd3 Rxd3 33. Rac1 Qg6 34. Qxg6 hxg6 35. Rc7 Bc8 36. Ne3 Be6 37. Rc6 Ra8 38. Rec1 Rb3 39. R1c2 Rd3 40. Kf1 Rd4 41. f3 Ra4 42. b4 Ra3 43. Kf2 Rd3 44. Ke2 Rd7 45. Rc8+ Rxc8 46. Rxc8+ Kh7 47. Rc6 Bf8 48. Rxa6 Rd4 49. Nc2 (49. Rb6 $16) 49... Bc4+ 50. Ke1 Rd3 $1 {[%cal Rd3c3] Weiss muss nun ...Tc3 beachten.} 51. Ra8 $2 {[%mdl 8192]} (51. Bc7 $11 {und Weiss ist OK.}) 51... Bh6 52. Rd8 (52. Bb6 {war nötig.} Bf4 53. Rc8) 52... Rc3 53. Kd1 $2 (53. Bc7 Bf4 54. Na1) 53... Bb3 $19 {Schwarz steht klar auf Gewinn.} 54. Rd7 Bxc2+ 55. Ke1 Bb3 {Precision: Weiß = 34%, Schwarz = 47%.} 0-1

[Event "ESP-ch Rapid 2018"]
[Site "Linares"]
[Date "2018.08.19"]
[Round "2"]
[White "Redondo Flores, David"]
[Black "Campos Gambuti, Luis Maria"]
[Result "0-1"]
[WhiteElo "1971"]
[BlackElo "2382"]
[Annotator "TA"]
[PlyCount "56"]
[EventDate "2018.08.19"]
[EventType "team-tourn"]
[EventCountry "ESP"]
[SourceTitle "playchess.com"]
[Source "ChessBase"]
[SourceQuality "1"]

{[%evp 9,56,-20,41,0,6,-39,34,44,40,-105,-115,-101,-100,-128,-122,-115,-62,-75,-69,-64,-64,-88,-81,-81,-70,-56,-34,-43,-35,-159,-143,-151,-143,-185,-169,-302,-287,-303,-293,-285,-284,-453,-442,-477,-477,-791,-769,-901,-890]} 1. e4 d5 2. exd5 Qxd5 3. Nf3 Bg4 4. Be2 Nc6 5. c4 (5. d4 O-O-O 6. c4 Qh5 7. Be3 e5 8. d5 e4 9. Nd4 Ne5 10. Bxg4+ Nxg4 11. h3 N8f6 12. Nc3 Nxe3 13. fxe3 Qh4+ 14. Kd2 Bc5 {1-0 (68) Tomashevsky,E (2728)-Fressinet,L (2700) Huaian 2016}) 5... Qa5 (5... Qd7 $11) 6. Nc3 {B01: Scandinavian Defence} O-O-O 7. a3 $146 ({Predecessor:} 7. O-O Nf6 8. d4 Bxf3 9. Bxf3 Nxd4 10. Bd2 Nxf3+ 11. gxf3 {0-1 (32) Neil,C (643)-Bester,K (789) LSS email 2012}) 7... e5 (7... Nf6 $15) 8. O-O $14 {White is slightly better.} Nf6 9. d3 {[#]} (9. Ng5 $1 $14 {stays ahead.} Bxe2 10. Qxe2) 9... e4 $1 $17 {[%cal Re4f3][%mdl 512]} 10. Ng5 (10. Nxe4 Nxe4) 10... Bxe2 11. Nxe2 Rxd3 12. Qc2 {[#]} Rd7 ({Black should play} 12... Qf5 $1 $17 13. Nxf7 Rg8) 13. Nxe4 $15 Nxe4 14. Qxe4 Bd6 15. Qg4 f5 $36 {[%mdl 2048] Keeping White busy.} 16. Qh3 Re8 17. Be3 g6 18. b4 Qa4 19. b5 {[#]} ({White should try} 19. Rad1 $1 $15) 19... Na5 $1 $17 20. c5 {[#]} Bxc5 $1 {[%mdl 512]} 21. Bxc5 Rxe2 ({Don't play} 21... Qxb5 22. Bxa7 Qxe2 23. Be3 $17) 22. Rfe1 (22. Rab1 $142) 22... Qxb5 $19 {...Rxe1+ is the strong threat.} 23. Qc3 {intending a4.} Rxe1+ 24. Rxe1 b6 25. Re8+ (25. Be7 $142) 25... Kb7 {Black is clearly winning.} 26. Qf3+ Qc6 27. Qxc6+ (27. Bf8 $142 Qxf3 28. gxf3) 27... Nxc6 28. Bb4 Nxb4 {Precision: White = 29%, Black = 74%.} 0-1